Oh, What An Unfortunate Name! Quiz Stats

 Plays Quiz not verified by Sporcle

Score 0/38 Timer 06:00
0 Plays Today
First Name Last Name % Correct
BudLight
88.6%
KrystalBall
76.7%
AprilShowers
72.6%
FerrisWheel
72.2%
AnitaJob
71.4%
PaigeTurner
71%
Frank N.Stein
68.8%
BeverleyHill
68.5%
CandyKane
68%
Pearl E.White
67.2%
Roy L.Flush
65.6%
IvyLeague
65.3%
JustinCase
62.9%
SandyBeach
59.4%
DinahSore
58.6%
RoseBush
54.5%
HollyWoods
52.6%
ScottFree
50.3%
BjornAgain
45.8%
First Name Last Name % Correct
LisaHolmes
44.8%
BillBoard
44.7%
RobynBanks
44.2%
Chris P.Cream
43.5%
PollyEster
36.3%
TyCoon
36.3%
DougHole
34.9%
JoeKing
34.5%
WillPowers
31.1%
JennaSide
30.3%
PeteMoss
30.3%
TerryBull
25.7%
DuanePipe
21%
ForrestGreene
16.3%
HarryPitts
14.9%
TomMorrow
13.4%
SueZuki
7.6%
PerryDice
4.4%
StanStill
3.7%

You're not logged in!

Compare scores with friends on all Sporcle quizzes.
OR
Log In

Show Comments

Extras

Top Quizzes Today


Score Distribution

Your Account Isn't Verified!

In order to create a playlist on Sporcle, you need to verify the email address you used during registration. Go to your Sporcle Settings to finish the process.

Report this User

Report this user for behavior that violates our Community Guidelines.

Details: